Towards Understanding Communalism (Record no. 1672538)
[ view plain ]
| 000 -LEADER | |
|---|---|
| fixed length control field | 00437 a2200169 4500 |
| 005 - DATE AND TIME OF LATEST TRANSACTION | |
| control field | 20260226123208.0 |
| 008 - FIXED-LENGTH DATA ELEMENTS--GENERAL INFORMATION | |
| fixed length control field | 260226b |||||||| |||| 00| 0 eng d |
| 020 ## - INTERNATIONAL STANDARD BOOK NUMBER | |
| International Standard Book Number | 9789350029107 |
| 040 ## - CATALOGING SOURCE | |
| Transcribing agency | SDCL |
| 041 ## - LANGUAGE CODE | |
| Source of code | eng |
| Language code of text/sound track or separate title | eng |
| 084 ## - COLON CLASSIFICATION NUMBER | |
| Classification number | V2:3(Q)'P R5 |
| 245 ## - TITLE STATEMENT | |
| Title | Towards Understanding Communalism |
| 260 ## - PUBLICATION, DISTRIBUTION, ETC. | |
| Place of publication, distribution, etc. | Delhi : |
| Name of publisher, distributor, etc. | Aakar Books, |
| Date of publication, distribution, etc. | 2025. |
| 300 ## - PHYSICAL DESCRIPTION | |
| Extent | 2 Vols. Set |
| 700 ## - ADDED ENTRY--PERSONAL NAME | |
| Personal name | Pramod Kumar Ed. |
| 942 ## - ADDED ENTRY ELEMENTS (KOHA) | |
| Koha item type | Textual |
| Source of classification or shelving scheme | Colon Classification (CC) |
| 700 ## - ADDED ENTRY--PERSONAL NAME | |
| -- | 1116737 |
| 999 ## - | |
| -- | 1672538 |
| -- | 1672538 |
| Withdrawn status | Lost status | Source of classification or shelving scheme | Damaged status | Not for loan | Home library | Current library | Date acquired | Source of acquisition | Cost, normal purchase price | Serial enumeration / chronology | Inventory number | Total checkouts | Full call number | Barcode | Date last seen | Cost, replacement price | Price effective from | Koha item type |
|---|---|---|---|---|---|---|---|---|---|---|---|---|---|---|---|---|---|---|
| Colon Classification (CC) | South Campus Library | South Campus Library | 2025-12-12 | Govinda Book House | 2096.50 | Volume 1: xxviii, 350p. | 6990 & 12/12/2025 | V2:3(Q)'P R5.1 | SC1691766 | 2025-12-12 | 2995.00 | 2025-12-12 | Textual | |||||
| Colon Classification (CC) | South Campus Library | South Campus Library | 2026-01-24 | Govinda Book House | Volume 2: vii, 353-731p. | 6990 & 12/12/2025 | V2:3(Q)'P R5.2 | SC1691767 | 2026-01-24 | 2026-01-24 | Textual |
